000
00269nam a2200097Ia 4500
008
220204s9999 xx 000 0 und d
082
_a
577.3
_b
SOC
245
0
_a
State and movement of water in living organisms.
260
_a
Cambridge
_b
University Press
_c
1965
942
_c
BK
999
_c
21186
_d
21186